| 000 | 00944nam1a22002531 4500 | ||
|---|---|---|---|
| 001 | rc\136437 | ||
| 005 | 20030307112311.0 | ||
| 010 |
_a5-7150-0325-3 _bФолио |
||
| 035 | _a(NLR Aleph) 005612916 | ||
| 090 |
_a6430885 _c6430885 |
||
| 100 | _a20030307g19979999u |0rusy50 ca | ||
| 101 | 0 | _arus | |
| 102 | _aRU | ||
| 105 | _ay ||||||||| | ||
| 200 | 1 |
_aСочинения _eВ 2 т. _eПер. с англ. _fДж. Д. Сэлинджер _g[Редактор М.К. Тюнькина _gПримеч. А.М.Зверева _gХудож. М.Е. Квитка, О.Л. Квитка] |
|
| 210 |
_aБелгород _cФолио-транзит _aХарьков _cФолио _d1997- |
||
| 215 | _d22 | ||
| 700 | 1 |
_aСэлинджер _bД. Д. _f1919-2010 _gДжером Дейвид _3RU\NLR\auth\774717 |
|
| 702 | 1 |
_aТюнькина _bМ. К. _4340 |
|
| 801 | 0 |
_aRU _bNLR _gpsbo |
|
| 801 | 1 |
_aRU _bELAR _2rusmarc |
|
| 852 |
_aNLR _j97-3/4340 |
||
| 942 | _cBOOK | ||
| 980 | _aNB | ||